000 00895nam a2200229 a 4500
001 000042293
005 20201002040047.0
008 131122s1991 sp 000 0 spa d
020 _a8427015496
040 _aDO-SdBNP
_bspa
_cBNPHU
082 _axxx
_bB622a
100 1 _aBishop, Michael,
_d1945-
_969341
240 1 0 _aThe secret ascension, or, Philip K. Dick is dead, alas.
_leng
245 1 3 _aLa ascensión secreta :
_bLlorad, Philip K. Dick ha muerto /
_cMichael Bishop ; traducción de Eduardo G. Murillo.
260 _aBarcelona :
_bAlcor,
_c1991.
300 _a363 p. ;
_c22 cm.
490 1 _aNarrativa fantástica
500 _aTítulo de la cubierta: La ascensión secreta o Llorad, Philip K. Dick ha muerto.
500 _aIncluye datos biográficos del autor en la solapa de la contracubierta
700 1 2 _aMurillo, Eduardo G.
_etr.
_910630
830 0 _aNarrativa fantástica
_969342
999 _c41782
_d41782